Biggest U.S. Cities By Only Vowels - Part 4 - Statistics

General Stats
  • This quiz has been taken 17 times
  • The average score is 3 of 16
Answer Stats
Hint Answer % Correct
OO Boston
100%
EOI Detroit
45%
AAOOA Chattanooga
36%
EEA Cleveland
36%
UO Tucson
36%
AUUA Augusta
27%
OEO Toledo
27%
OOAOI Colorado Springs
18%
EEOO Greensboro
9%
IO Richmond
9%
AOAE Anchorage
0%
OIE Knoxville
0%
OIEE Providence
0%
AEI Raleigh
0%
OAE Spokane
0%
IIA Wichita
0%
No matching quizzes found
Score Distribution
Percent of People with Each Score
Percentile by Number Answered
Your Score History
You have not taken this quiz